Thus spoke the bible: (Record no. 141132)

MARC details
000 -LEADER
fixed length control field 00565nam a22001817a 4500
005 - DATE AND TIME OF LATEST TRANSACTION
control field 20170615120251.0
010 ## - LCCN (DPL NO)
LC control number ENG-118659
020 ## - INTERNATIONAL STANDARD BOOK NUMBER
International Standard Book Number 9788184655650
Terms of availability 225.00
035 ## - SYSTEM CONTROL NUMBER
System control number EN-102191
037 ## - SOURCE OF ACQUISITION
Source of stock number/acquisition DBAD/PUB
082 ## - DEWEY DECIMAL CLASSIFICATION NUMBER
Classification number 280.21
100 ## - MAIN ENTRY--PERSONAL NAME
Personal name Baptist, Antony John
245 ## - TITLE STATEMENT
Title Thus spoke the bible:
Statement of responsibility, etc by Antony John Baptist
Remainder of title Basics of biblical narratives /
260 ## - PUBLICATION, DISTRIBUTION, ETC. (IMPRINT)
Place of publication, distribution, etc Delhi
Name of publisher, distributor, etc ISPCK
Date of publication, distribution, etc 2017
270 ## - ADDRESS
Address Post Box 1585, 1654, Madarsa Road, Kashmere Gate, Delhi-110006
300 ## - PHYSICAL DESCRIPTION
Extent xx,159p
Dimensions 22cm.(pbk)
942 ## - ADDED ENTRY ELEMENTS (KOHA)
Source of classification or shelving scheme Dewey Decimal Classification
Item type English Books
Classification part 280.21
Call number suffix BAP
Holdings
Withdrawn status Lost status Not for loan Collection code Home library Current library Date acquired Source of acquisition Cost, normal purchase price Full call number Barcode Copy number Cost, replacement price Koha item type
    Not For Loan Non-fiction D.B.Act.Division D.B.Act.Division 15/06/2017 DBAD/PUB 225.00 280.21 BAP EN-102191 1 225.00 English Books

© Delhi Public Library
Hit Counter
free hit counter